| 000 | 00438cam a22001457a 4500 | ||
|---|---|---|---|
| 008 | 180718b1977 xxu||||| |||| 00| 0 eng d | ||
| 082 | _aJ72x54 SU15 | ||
| 100 | _aSubhash Chandra | ||
| 245 |
_aSocial participation in Urban Neighbourhoods _cby Subhash Chandra |
||
| 260 |
_aNew Delhi _bNational _c1977 |
||
| 300 | _axvii, 233p | ||
| 650 | _aSocial participation. | ||
| 650 | _aRural-urban migration -India | ||
| 650 | _aUrbanization -India | ||
| 999 |
_c409875 _d409875 |
||